Cocktail party

Saved in:
Bibliographic Details
Main Author: ELIOT, THOMAS STEARNS (Author)
Format: Book
Language:Spanish
Published: Buenos Aires Emecé Editores S. A 1950
Edition:1a. ed
Series:Teatro del Mundo
Subjects:
Tags: Add Tag
No Tags, Be the first to tag this record!

MARC

LEADER 00000cam a2200000 a 4500
001 UCE1388
003 CL-VaPUC
008 140414e19500000ag |||||||||||||||||spa|d
082 0 4 |a 822  |b ELI  |2 21 
100 |a ELIOT, THOMAS STEARNS  |e author  |9 265954 
245 1 0 |a Cocktail party 
250 |a 1a. ed 
300 |a 203 p 
942 |c BK 
945 |d 20140414  |a dcastane 
260 |a Buenos Aires  |b Emecé Editores S. A  |c 1950 
650 7 |a COMEDIAS INGLESAS  |2 CL-VaPUC  |9 269397 
650 0 |a Literatura inglesa  |9 312907 
583 |a last modification  |c 20140423 02:47:45  |k Rodrigo Vera 
490 0 |a Teatro del Mundo 
999 |c 355177  |d 355175 
952 |0 0  |1 0  |3 erb  |4 0  |6 822_000000000000000_ELI_1950  |7 0  |8 A  |9 461724  |a BIBART  |b BIBART  |i 5043573  |o 822 ELI 1950  |p 5043573  |r 2025-03-13  |w 2019-11-23  |y BK  |z Catalogado en:20140414  |k ART